|
|
|
|
| LEADER |
01116nam a22003134a 4500 |
| 001 |
5595 |
| 003 |
BD-DhAAL |
| 005 |
20150817122020.0 |
| 008 |
150817s2003 ohu 001 0 eng |
| 010 |
|
|
|a 2002070703
|
| 020 |
|
|
|a 0030250498
|
| 020 |
|
|
|a 0030355095 (hbk. : alk. paper)
|
| 020 |
|
|
|a 0324173822 (pb)
|
| 020 |
|
|
|a 0030354870 (cdrom)
|
| 040 |
|
|
|a DLC
|c DLC
|d NNC
|d BD-DhAAL
|
| 050 |
0 |
0 |
|a HB172.5
|b .B38 2003
|
| 082 |
0 |
0 |
|a 339
|2 21
|
| 100 |
1 |
|
|a Baumol, William J.
|9 13887
|
| 245 |
1 |
0 |
|a Macroeconomics :
|b principles and policy /
|c William J. Baumol, Alan S. Blinder.
|
| 250 |
|
|
|a 7th ed.
|
| 260 |
|
|
|a Mason, Ohio :
|a New York :
|b Thomson/Learning-Western,
|b The Dryden Press,
|c c1998.
|
| 300 |
|
|
|a xxx, 493 p. :
|b ill., charts ;
|c 25cm. +
|
| 504 |
|
|
|a Includes bibliographical references and index.
|
| 541 |
|
|
|e 5595
|
| 650 |
|
0 |
|a Macroeconomics.
|9 13888
|
| 700 |
1 |
|
|a Blinder, Alan S.
|9 13889
|
| 942 |
|
|
|2 ddc
|c BK
|
| 999 |
|
|
|c 35266
|d 35266
|
| 952 |
|
|
|0 0
|1 0
|2 ddc
|4 0
|6 339_000000000000000_BAU
|7 0
|9 55322
|a SCL
|b SCL
|c GEN
|d 2015-08-17
|e Gift: The Asia Foundation
|l 0
|o 339 BAU
|p 3020005595
|r 2015-08-17
|t 1
|w 2015-08-17
|y BK
|